000 00808cam a22002534a 4500
001 12993800
005 20180828043146.0
008 021106s2003 cau b 001 0 eng
010 _a 2002153519
020 _a0787960551 (alk. paper)
040 _aDLC
_cDLC
_dDLC
041 _aeng
042 _apcc
043 _an-us---
080 _a378.12
082 0 0 _a378.12
_221
100 1 _a49
101 _aEDU
245 1 0 _aCreating significant learning experiences :
_cL. Dee Fink.
504 _aIncludes bibliographical references (p. 279-285) and index.
906 _a7
_bcbc
_corignew
_d1
_eecip
_f20
_gy-gencatlg
942 _2ddc
_cBK
999 _c47363
_d47363